000 00261nam a22001217a 4500
008 171012b xxu||||| |||| 00| 0 eng d
041 _aeng
080 _a316
100 _a50
101 _aSOC
245 _aPATTTERS OF CULTURE
_cBENEDICT.T
942 _2udc
_cBK
999 _c33275
_d33275